000
00249nam a22001217a 4500
008
181017b xxu||||| |||| 00| 0 eng d
041
_a
eng
080
_a
573
100
_a
11
101
_a
BIO
245
_a
Biology
_c
Smmo tOH
942
_2
udc
_c
BK
999
_c
50028
_d
50028